Global Cuisine by Images - I - Statistics

General Stats
  • This quiz has been taken 39 times
  • The average score is 1 of 16
Answer Stats
Picture Answer % Correct
Ice Cream
90%
Injera
16%
Idli
13%
Ice Cream Cake
10%
Imarti
3%
Inipit
3%
Irish Stew
3%
Ice buko
0%
Imagawayaki
0%
Insalata di riso
0%
Involtini di carne
0%
Ischler Cookies
0%
Ischoklad
0%
Ishtu
0%
Iskilip Dolmasi
0%
Iskrambol
0%
No matching quizzes found
Score Distribution
Percent of People with Each Score
Percentile by Number Answered
Your Score History
You have not taken this quiz